LEADER 00911naa a2200205 u 4500 001 000000094526 003 CaOOAMICUS 005 20070226130138.0 008 040503s1975 fr u000 u fre u 035 $a10992950 040 $aIAR$bita 100 1 $aDossat, Yves.$0(OLS)http://pul/name/2052 245 14$aLes origines de le quetelle entre prêcheurs et mineurs provençaux :$bBernard Déliciaux /$cYves Dossat. 260 $aToulouse :$bPrivat,$c1975. 300 $aS. 315-354, ;$c18 cm 600 04$aBernard D'elicieux,$cO.F.M.,$dc. 1260-c. 1320.$0(OLS)http://pul/subject/30174 773 0 $aFranciscains d'Oc : Les Spirituels ca 1280-1324. 773 0 $tFranciscains d'Oc : Les Spirituels, ca 1280-1324$w()1152 996 $6245$aLes origines de le quetelle entre prêcheurs et mineurs provençaux :$bBernard Déliciaux$9(OLS)http://pul/title/121394 996 $6260$aToulouse :$bPrivat$9(OLS)http://pul/publisher/48246 LEADER 02048nam a2200433 u 4500 001 000000041487 003 CaOOAMICUS 005 20070226114223.0 008 990203m19971998it u000 u ita u 020 $a880205312X 035 $a10813110 040 $aPUL(R)$bita$dMSA 100 1 $aCampobasso, Gian Franco,$d1942-2003.$0(OLS)http://pul/name/30569 245 10$aDiritto commerciale /$cGian Franco Campobasso. 246 33$aIl sistema giuridico italiano 250 $a3. ed. 260 $aTorino :$bUTET,$c1997-1998. 300 $a3 v. ;$c24 cm 490 1 $aIl sistema giuridico italiano 504 $aBibliografia a piè pagina. 505 0 $av. 1. Diritto dell'impresa -- v. 2. Diritto delle società -- v. 3. Contratti, Titoli di credito, Procedure concorsuali. 505 2 $aMSA v.2: 5.ed. 650 4$aDiritto commerciale$zItalia.$0(OLS)http://pul/subject/1274 650 4$aContratti.$0(OLS)http://pul/subject/3380 650 4$aImprese$xDiritto.$0(OLS)http://pul/subject/17007 830 3$aIl sistema giuridico italiano.$0(OLS)http://pul/title/56027 850 $aPUL 852 $aPUL$W1$xSL Diritto e Scienze Sociali 1$y4$m175 I 38-40$j56209$nBK-PRI$b $qStampati$B56209$CPULBib$Z2$F56209 $H $81 852 $aPUL$W1$xSL Diritto e Scienze Sociali 1$y4$m175 I 38-40$j56209$nBK-PRI$b $qStampati$B56210$CPULBib$Z2$F56210 $H $81 852 $aPUL$W1$xSL Diritto e Scienze Sociali 1$y4$m175 I 38-40$j56209$nBK-PRI$b $qStampati$B56211$CPULBib$Z2$F56211 $H $81 941 1 $a8 960 $aDiritto contrattuale$93380 961 $aINV: 78752, 78753, 78754 961 $aINV: 78752, 78753, 78754 961 $aINV: 78752, 78753, 78754 996 $6020$a880205312X$9(OLS)http://pul/number/51774 996 $6245$aDiritto commerciale$9(OLS)http://pul/title/56026 996 $6246$aIl sistema giuridico italiano$9(OLS)http://pul/title/56027 996 $6260$aTorino :$bUTET$9(OLS)http://pul/publisher/48088